000 00824cam a22002774a 4500
999 _c483
_d483
001 ocm50937080
003 OCoLC
005 20210614122725.0
008 021030s2004 maua 001 0 eng
010 _a2002038329
020 _a0205375987 (pbk.)
040 _cALUPE UNIVERSITY
050 _a HA29
_b.W45 2004
090 _aHA29
_b.W45 2004
100 1 _aWeinbach, Robert W.
245 1 0 _aStatistics for social workers /
_cRobert W. Weinbach, Richard M. Grinnell, Jr.
250 _a6th ed.
260 _aBoston :
_bPearson/Allyn and Bacon,
_cc2004.
300 _axv, 287 p. :
_bill. ;
_c24 cm.
500 _aIncludes index.
650 0 _aSocial sciences
_xStatistical methods.
650 0 _aSocial service
_xStatistical methods.
650 0 _aStatistics.
700 1 _aGrinnell, Richard M.
942 _2lcc
_cBK
_nSO